000 00761nam a22002055i 4500
001 157588
003 ES-MaACL
005 20250807123508.0
008 040831s1892 fr af |||| | fre d
040 _aCAM
_bspa
_cCAM
100 1 _aLescure, Adolphe Mathurin de.
_971831
245 1 0 _aChateaubriand /
_cpar M. de Lescure.
260 _aParis :
_blibrairie Hachette et Cie.,
_c1892 (
_eCoulommiers :
_fImp. Paul Brodard)
300 _a206 p., [1] h. de lám. ;
_c19 cm.
490 1 _aLes grands écrivains français
600 1 7 _aChateaubriand, François-René,
_cvicomte de,
_d1768-1848-
_xBiografías
_2
_9126468
830 0 _aLes grands écrivains français
_9182230
852 _aES-MaACL
_jB-3168(1)
_z-- Enc. pasta española
999 _c157588
_d157588